000 00569nmm a2200193Ia 4500
008 251105s9999||||xx |||||||||||||||||und||
020 _a9788419179845
041 _acat
100 _aHighsmith, Patricia
245 0 _aRipley enterrat
264 _a[Madrid, España] :
_bEditorial Navona,
_c[Fecha de publicación no identificada]
300 _a0 páginas
490 _aSERIE R
650 _aThriller & Suspense
700 _aHighsmith, Patricia
700 1 _a Camps Olivé, Assumpta
856 _uhttps://public.digitaliapublishing.com/a/122068
942 _cCF
999 _c66901
_d66901